00722nam a22002297a 450000500170000001000110001702000100002803500110003803700160004904000120006508200160007710000180009324501190011126000440023027000410027430000230031550000480033865000280038665000320041470000210044670000250046720170124105937.0 a813115 c00.00 a813115 bCen Lib/Ret aDPLbEN a354.54bISH aIshwar, Dayal aDistrict administration :cby Ishwar Dayal, Kuldeep Mathur [and] Mohit Bhattacharyaba survey for reorganisation / bNew DelhiaThe Macmillian Companyc1976 aA-38/3 Mayapuri bNew Delhie110027 avii,91p.c20cm(Hb) aIncludes bibliographic references and index vDistrict administration aAdministration of economy  aMathur, Kuldeep  aBhattacharya, Mohit